Re del porno : l'autobiografia del più grande attore hard di tutti i tempi /

Saved in:
Bibliografiske detaljer
Hovedforfatter: Holmes, John, (1944-1988) (Author)
Andre forfattere: Belletati, Fabrizio P. (Translator), Giovannini, Marco (Author of introduction, etc.), Tatafiore, Roberta (Author of afterword, colophon, etc.)
Format: Bog
Sprog:italiensk
Udgivet: Roma : DeriveApprodi, 1999
Serier:Vita activa ; 1
Tags: Tilføj Tag
Ingen Tags, Vær først til at tagge denne postø!

MARC

LEADER 00000nam a22000007i 4500
001 IT\ICCU\REA\0045623
003 ItRI
005 20260115231953.0
008 990503s1999 it |||||| ||||| |||||c
020 |a 8887423075 
040 |b ita  |c importazione bologna sebina 
041 7 |a ita  |2 ISO-639-2 
100 1 |a Holmes, John,  |d  (1944-1988)  |0 IT\ICCU\UBOV\675700  |4 aut 
245 1 0 |a Re del porno :  |b l'autobiografia del più grande attore hard di tutti i tempi /  |c John Holmes ; con Laurie L. Holmes e Fred E. Basten ; introduzione di Marco Giovannini ; postfazione di Roberta Tatafiore. 
260 |a Roma :  |b DeriveApprodi,  |c 1999 
300 |a 189 p. ;  |c 23 cm 
500 |a Trad. di Fabrizio P. Belletati 
700 1 |a Belletati, Fabrizio P.  |0 IT\ICCU\RAVV\690206  |4 trl 
700 1 |a Giovannini, Marco  |0 IT\ICCU\CFIV\127920  |4 aui 
700 1 |a Tatafiore, Roberta  |0 IT\ICCU\CFIV\029248  |4 aft 
790 1 |a Estes, John Curtis  |3 IT\ICCU\SBNV\039939  |z Holmes, John (1944-1988) 
830 0 |a Vita activa ;  |v 1  |0 IT\ICCU\REA\0045624 
942 |2 ddc  |c BK  |n 0 
952 |0 0  |1 0  |4 0  |6 DOC_791_430000000000000_HOL  |7 0  |9 18150  |a BO  |b BO  |d 2026-01-15  |i 5015  |l 0  |o DOC 791.430 HOL  |p BO5015  |r 2026-01-15 23:19:53  |w 2026-01-15  |x [Sebina 5] [1 v.]  |y BK  |z 1 v. 
999 |c 15389  |d 15389